Derivatives Markets

Saved in:
Bibliographic Details
Main Author: McDonald, Robert L.
Format: Book
Language:Undetermined
Published: Harlow Pearson Education 2013
Subjects:
Tags: Add Tag
No Tags, Be the first to tag this record!
Institutions: Trung tâm Học liệu Trường Đại học Cần Thơ
LEADER 00507nam a2200181Ia 4500
001 CTU_223929
008 210402s9999 xx 000 0 und d
082 |a 332.6457 
082 |b M478 
100 |a McDonald, Robert L. 
245 0 |a Derivatives Markets 
245 0 |c Robert L. McDonald 
260 |a Harlow 
260 |b Pearson Education 
260 |c 2013 
650 |a Chứng khoán phái sinh,Derivative securities 
910 |b vdbang 
980 |a Trung tâm Học liệu Trường Đại học Cần Thơ